000 00540nam a22001937a 4500
003 KOHA_MİRAKIL
005 20251106100233.0
008 251106b tu ||||| |||| 00| 0 tur d
020 _a9786256843134
040 _aTR-AnABB
_btur
_cTR-AnABB
041 _atur
082 _a828.3354
_bGER 2023
100 1 _aGerritsen, Tess,
245 1 0 _aKaranlığın ayak izleri /
_cTess Gerritsen
260 _aİstanbul :
_bDoğan Kitap,
_c2023
300 _a253 sayfa ;
_c21 cm
650 0 4 _aAmerikan edebiyatı, roman
942 _2ddc
_cBK
999 _c9288
_d9288
900 _bGizem YORULMAZ